Score 0/26 Timer 03:00
0 Plays Today
Hint Answer % Correct
Pulp ____ (1994)Fiction
98.3%
Jurassic ____ (1993)Park
98.3%
Singin' in the ____ (1952)Rain
97.3%
The Good, the Bad and the ____ (1966)Ugly
96.9%
12 ____ a Slave (2013)Years
96.8%
Slumdog ____ (2008)Millionaire
96.6%
Full Metal ____ (1987)Jacket
95.9%
The Deer ____ (1978)Hunter
95.5%
Crouching ____, Hidden Dragon (2000)Tiger
94.5%
____ of Brian (1979)Life
93.1%
We Bought a ____ (2011)Zoo
92.4%
Rear ____ (1954)Window
92.4%
The Dark ____ (2008)Knight
91.6%
Hint Answer % Correct
Blazing ____ (1974)Saddles
91.2%
Dog Day ____ (1975)Afternoon
89.5%
Shutter ____ (2010)Island
88.8%
V for ____ (2005)Vendetta
88.6%
Guardians of the ____ (2014)Galaxy
88.4%
The Great ____ (1963)Escape
73.5%
____ of the Damned (2002)Queen
69.6%
House of Flying ____ (2004)Daggers
51.2%
The Lives of ____ (2006)Others
46.9%
The ____: I Want to Believe (2008)X-Files
45.2%
____ Potemkin (1925) Battleship
45.2%
____ of God (2002)City
41.4%
My ____ Totoro (1988)Neighbor
40.9%

Today's Daily Dose

Missing Word
I Hardly Know Her!

Word Ladder
Sentence Ending

Quick Pick
Female Firsts

Get the Picture
Triathlon Sports

Remove Ads.
Support Sporcle.
Get the best of Sporcle when you Go Orange. This ad-free experience offers more features, more stats, and more fun while also helping to support Sporcle. Thank you for becoming a member.

You're not logged in!

Compare scores with friends on all Sporcle quizzes.
OR
Log In

Show Comments

Extras

Top Quizzes Today


Score Distribution

Your Account Isn't Verified!

In order to create a playlist on Sporcle, you need to verify the email address you used during registration. Go to your Sporcle Settings to finish the process.

Report this User

Report this user for behavior that violates our Community Guidelines.

Details: